| 000 | 00662cam a22002293a 4500 | ||
|---|---|---|---|
| 001 | 31851 | ||
| 003 | PGUSA | ||
| 005 | 20140828083705.0 | ||
| 008 | 100401s2010||||xxu|||||s|||||000 | eng d | ||
| 040 |
_aPGUSA _beng |
||
| 042 | _adc | ||
| 050 | 4 | _aAP | |
| 245 | 1 | 0 |
_aMcClure's Magazine, Vol. XXXI, No. 4, August 1908 _h[electronic resource] / _cVarious |
| 260 |
_bProject Gutenberg, _c2010 |
||
| 506 | _aPublic domain in the USA. | ||
| 516 | _aElectronic text | ||
| 653 | _aLiterature -- Periodicals | ||
| 653 | _aAmerican literature -- Periodicals | ||
| 830 | 0 |
_aProject Gutenberg _v31851 |
|
| 856 | 4 | 0 | _uhttp://www.gutenberg.org/ebooks/31851 |
| 942 | _cEB | ||
| 999 |
_c261106 _d261106 |
||